Dutch Province Flags - Statistics

General Stats
  • This quiz has been taken 139 times
  • The average score is 10 of 12
Answer Stats
Picture Answer % Correct
Friesland
95%
Zeeland
84%
Groningen
83%
North Brabant
83%
Limburg
82%
South Holland
81%
Utrecht
80%
Gelderland
79%
North Holland
79%
Flevoland
76%
Overijssel
76%
Drenthe
74%
No matching quizzes found
Score Distribution
Percent of People with Each Score
Percentile by Number Answered
Your Score History
You have not taken this quiz